Aussie Slang Quiz - Statistics

General Stats
  • This quiz has been taken 367 times
  • The average score is 8 of 21
Answer Stats
Answer % Correct
Arvo Afternoon
96%
Avo Avocado
85%
Barbie BBQ
77%
Servo Service Station
76%
Mozzie Mosquito
69%
Ambo Ambulance
68%
Eski Cooler
61%
Acca Dacca AC/DC
59%
Scomo Scott Morrison
59%
Old Mate Friend/Stranger
43%
Garbo Garbage Man
27%
Smoko Work Break
26%
Cactus Dead/Broken
18%
Rack off Piss off
14%
Banana Bender Queenslander
9%
Apple Eater Tasmanian
8%
Larrikin Prankster
5%
Gander To have a look
5%
Fair dinkum Genuine
3%
Going on a Scomo Leaving in a bad Situation
0%
Having a Yarn To Talk
0%
No matching quizzes found
Score Distribution
Percent of People with Each Score
Percentile by Number Answered
Your Score History
You have not taken this quiz